[Event "Chrudim op"]
[Site "Chrudim"]
[Date "2004.07.08"]
[Round "3"]
[White "Zeman, Arnost"]
[Black "Mrha, Jan"]
[Result "1-0"]
[WhiteElo "2091"]
[BlackElo "1826"]
[PlyCount "79"]
[EventDate "2004.07.06"]
[EventType "swiss"]
[EventRounds "9"]
[EventCountry "CZE"]
[SourceTitle "EXT 2006"]
[Source "ChessBase"]
[SourceDate "2005.11.24"]
[SourceVersion "1"]
[SourceVersionDate "2005.11.24"]
[SourceQuality "1"]

1. d4 Nf6 2. Nf3 g6 3. Bf4 Bg7 4. Nc3 d6 5. Qd2 0-0 6. 0-0-0 Bf5 7. h3 Ne4 8. Nxe4 Bxe4 9. Bh6 b6 10. Bxg7 Kxg7 11. Ng5 Bb7 12. h4 h6 13. Nh3 Nd7 14. f3 e5 15. dxe5 Nxe5 16. Nf4 Qf6 17. e4 a5 18. Be2 a4 19. a3 Ra5 20. g4 Rc5 21. g5 Qe7 22. gxh6+ Kh7 23. Rdg1 Rg8 24. Nh3 f6 25. Nf2 Qf7 26. Kb1 Nc4 27. Bxc4 Qxc4 28. Nd3 Ra5 29. Rg4 Bc8 30. Rf4 Qf7 31. Qc3 f5 32. Rg1 Kxh6 33. e5 d5 34. Qd2 Kh7 35. Rg5 Rg7 36. h5 gxh5 37. Rh4 Kg8 38. Rhxh5 Bd7 39. Rxg7+ Kxg7 40. Qh6+ 1-0

[Event "Chrudim op"]
[Site "Chrudim"]
[Date "2004.07.06"]
[Round "1"]
[White "Pokorny, Petr"]
[Black "Mrha, Jan"]
[Result "1-0"]
[WhiteElo "2292"]
[BlackElo "1826"]
[PlyCount "59"]
[EventDate "2004.07.06"]
[EventType "swiss"]
[EventRounds "9"]
[EventCountry "CZE"]
[SourceTitle "EXT 2006"]
[Source "ChessBase"]
[SourceDate "2005.11.24"]
[SourceVersion "1"]
[SourceVersionDate "2005.11.24"]
[SourceQuality "1"]

1. d4 Nf6 2. c4 g6 3. Nc3 Bg7 4. e4 d6 5. Nf3 0-0 6. Be2 e5 7. dxe5 dxe5 8. Qxd8 Rxd8 9. Bg5 Re8 10. Nd5 Nxd5 11. cxd5 f6 12. Be3 Bf8 13. Nd2 c6 14. Bc4 Kg7 15. f3 cxd5 16. Bxd5 Nd7 17. Rc1 Nb6 18. Bb3 Bd6 19. Ke2 Bd7 20. Nc4 Nxc4 21. Bxc4 Bc6 22. Rhd1 Red8 23. Bd5 Bxd5 24. Rxd5 Kf8 25. g4 g5 26. h4 h6 27. hxg5 hxg5 28. Rh1 Kg7 29. Rhd1 Bc7 30. Rd7+ 1-0

[Event "Chrudim op"]
[Site "Chrudim"]
[Date "2003.07.13"]
[Round "9"]
[White "Voglova, Eva"]
[Black "Mrha, Jan"]
[Result "1/2-1/2"]
[WhiteElo "1661"]
[BlackElo "1804"]
[PlyCount "28"]
[EventDate "2003.07.??"]
[EventType "swiss"]
[EventRounds "9"]
[EventCountry "CZE"]
[SourceTitle "EXT 2006"]
[Source "ChessBase"]
[SourceDate "2005.11.24"]
[SourceVersion "1"]
[SourceVersionDate "2005.11.24"]
[SourceQuality "1"]

1. d4 Nf6 2. c4 g6 3. Nc3 Bg7 4. e4 d6 5. Nf3 0-0 6. Be2 Nbd7 7. 0-0 e5 8. d5 Nc5 9. Qc2 a5 10. Ne1 Ne8 11. Be3 Na6 12. a3 f5 13. f3 Nf6 14. Nd3 fxe4 1/2-1/2

[Event "Chrudim op"]
[Site "Chrudim"]
[Date "2003.07.08"]
[Round "3"]
[White "Sturz, Ota"]
[Black "Mrha, Jan"]
[Result "1-0"]
[WhiteElo "2096"]
[BlackElo "1804"]
[PlyCount "99"]
[EventDate "2003.07.??"]
[EventType "swiss"]
[EventRounds "9"]
[EventCountry "CZE"]
[SourceTitle "EXT 2006"]
[Source "ChessBase"]
[SourceDate "2005.11.24"]
[SourceVersion "1"]
[SourceVersionDate "2005.11.24"]
[SourceQuality "1"]

1. e4 c5 2. Nf3 d6 3. d4 cxd4 4. Nxd4 a6 5. c4 Nf6 6. Nc3 Nc6 7. Be2 g6 8. Be3 Bg7 9. Qd2 0-0 10. f3 Bd7 11. Nb3 Qc8 12. Bh6 Ne5 13. Nd5 Nxd5 14. cxd5 Bxh6 15. Qxh6 f5 16. 0-0 Qc2 17. Qd2 Rac8 18. Rac1 Qxd2 19. Nxd2 fxe4 20. Nxe4 Rxc1 21. Rxc1 Rc8 22. Rxc8+ Bxc8 23. Kf2 h6 24. Ke3 Kf7 25. h3 Nd7 26. Bc4 Nb6 27. Bb3 Bd7 28. f4 Bb5 29. Nc3 Bf1 30. Kf2 Bd3 31. Ke3 Bf1 32. Kf3 Bd3 33. h4 Bc4 34. Bxc4 Nxc4 35. b3 Nb6 36. g4 Nd7 37. g5 hxg5 38. hxg5 e5 39. Ne2 Ke7 40. f5 gxf5 41. Ng3 Nf8 42. Nxf5+ Kd7 43. Nh4 Ke7 44. Kg4 b5 45. Nf5+ Kf7 46. Nxd6+ Kg6 47. Nf5 b4 48. Nh4+ Kf7 49. Kf5 Nd7 50. Nf3 1-0

[Event "Chrudim op"]
[Site "Chrudim"]
[Date "2002.07.11"]
[Round "4"]
[White "Cvejn, Jaroslav"]
[Black "Mrha, Jan"]
[Result "1-0"]
[WhiteElo "1560"]
[BlackElo "1820"]
[PlyCount "68"]
[EventDate "2002.07.??"]
[EventType "swiss"]
[EventRounds "9"]
[EventCountry "CZE"]
[SourceTitle "EXT 2006"]
[Source "ChessBase"]
[SourceDate "2005.11.24"]
[SourceVersion "1"]
[SourceVersionDate "2005.11.24"]
[SourceQuality "1"]

1. e4 c5 2. Nf3 e6 3. d4 cxd4 4. Nxd4 a6 5. Nc3 Qc7 6. Bd3 Nf6 7. f4 d6 8. 0-0 Be7 9. Kh1 Nc6 10. Nxc6 bxc6 11. Qe2 0-0 12. e5 Ne8 13. Rf3 f5 14. Rh3 g6 15. Bd2 Rf7 16. Re1 d5 17. g4 Ng7 18. gxf5 exf5 19. Qf2 Ne6 20. Na4 c5 21. Bf1 Bb7 22. Bg2 Rd8 23. b3 Bc6 24. Nb2 Bb5 25. c4 dxc4 26. Nxc4 Bxc4 27. bxc4 Kf8 28. Bd5 Qb6 29. Rb3 Qc7 30. Bxe6 Rg7 31. Bd5 Qd7 32. Reb1 Qa4 33. Bc3 g5 34. fxg5 Rxg5 1-0

[Event "Chrudim op"]
[Site "Chrudim"]
[Date "2002.07.10"]
[Round "3"]
[White "Mrha, Jan"]
[Black "Hajek, Jaroslav"]
[Result "0-1"]
[WhiteElo "1820"]
[BlackElo "2043"]
[PlyCount "78"]
[EventDate "2002.07.??"]
[EventType "swiss"]
[EventRounds "9"]
[EventCountry "CZE"]
[SourceTitle "EXT 2006"]
[Source "ChessBase"]
[SourceDate "2005.11.24"]
[SourceVersion "1"]
[SourceVersionDate "2005.11.24"]
[SourceQuality "1"]

1. c4 e5 2. Nc3 Nc6 3. d3 Bb4 4. Bd2 Nf6 5. Nf3 0-0 6. e4 d6 7. Be2 Ne8 8. 0-0 f5 9. Bg5 Qd7 10. Nd5 h6 11. Nxb4 Nxb4 12. Bd2 Nc6 13. Bc3 Nf6 14. Nd2 f4 15. f3 a5 16. a3 Qf7 17. Kf2 Be6 18. Rh1 Ra7 19. Qg1 a4 20. Ke1 Rfa8 21. g4 Nh7 22. h4 g6 23. h5 g5 24. Rc1 b6 25. Kf2 Nf8 26. Kg2 Nd7 27. d4 exd4 28. Bxd4 Nde5 29. Bxe5 Nxe5 30. Qf2 Ra5 31. Rc3 Rc5 32. Rhc1 Rca5 33. Qd4 Qf6 34. Qf2 R8a7 35. R1c2 Nc6 36. Rc1 Kf7 37. Rd3 Qxb2 38. Rdc3 Qxd2 39. R1c2 Qd4 0-1

[Event "Chrudim op"]
[Site "Chrudim"]
[Date "2002.07.08"]
[Round "1"]
[White "Mrha, Jan"]
[Black "Mach, Petr"]
[Result "0-1"]
[WhiteElo "1820"]
[BlackElo "2249"]
[PlyCount "95"]
[EventDate "2002.07.??"]
[EventType "swiss"]
[EventRounds "9"]
[EventCountry "CZE"]
[SourceTitle "EXT 2006"]
[Source "ChessBase"]
[SourceDate "2005.11.24"]
[SourceVersion "1"]
[SourceVersionDate "2005.11.24"]
[SourceQuality "1"]

1. c4 e5 2. Nc3 Nc6 3. d3 f5 4. f4 Nf6 5. fxe5 Nxe5 6. Nf3 Nfg4 7. Nxe5 Nxe5 8. Bf4 Ng6 9. Qd2 Be7 10. Nd5 d6 11. g3 Nxf4 12. Qxf4 Bg5 13. Qd4 0-0 14. Bg2 c6 15. h4 Bh6 16. Nf4 g6 17. Qf2 Bg7 18. e3 Qa5+ 19. Qd2 Qxd2+ 20. Kxd2 Bxb2 21. Rab1 Bf6 22. d4 Re8 23. Kd3 Kf7 24. Rhe1 h6 25. Bf3 Re7 26. h5 g5 27. Ng6 Rc7 28. d5 cxd5 29. Bxd5+ Be6 30. e4 fxe4+ 31. Kxe4 Bxd5+ 32. Kxd5 Rc5+ 33. Ke4 Re8+ 34. Kd3 Rxe1 35. Rxe1 Ra5 36. Re2 Ra3+ 37. Ke4 Rxg3 38. Rd2 Rh3 39. Rxd6 Rxh5 40. Ne5+ Ke7 41. Kd5 Bxe5 42. Re6+ Kd7 43. Rxe5 Rh2 44. a3 Rd2+ 45. Kc5 Rd6 46. Rf5 Kc7 47. Rf7+ Rd7 48. Rh7 0-1